000
00291nam a2200133Ia 4500
100
_a
Haykin/ Simon
942
_c
BK
654
_a
Digital
245
_a
Digital communication
260
_b
John Wiley & Sons
_a
New Delhi
_c
2000
082
_a
621.382
_b
HAY
300
_a
595
546
_a
ENGLISH
999
_c
28717
_d
28717